000 00724nam a2200241 i 4500
001 000027103
003 DO-SdBNP
005 20230523092147.0
007 ta
008 110329s1954 dr 000 0 spa d
040 _aDO-SdBNP
_bspa
_cBNPHU
_erda
082 4 _bP532s
_222
100 1 _aPeguero, Miguel A.,
_954181
_qPh
245 1 0 _aSpikes en alto y crónicas viejas /
_cMiguel A. Peguero , Ph
264 _aCuidad Trujillo, República Dominicana :
_bEditora del Caribe,
_c1954.
300 _a215 páginas ;
_c24 cm.
336 _2rdacontent
_atexto
_btxt
337 _2rdamedia
_asin mediación
_bn
338 _2rdacarrier
_avolumnen
_bnc
590 _aInventariado, 2023/BT
910 _aBtavárez
942 _2ddc
_cLBS1
999 _c26595
_d26595